| 000 | 00909nam a22002897i 4500 | ||
|---|---|---|---|
| 003 | EG-GICUC | ||
| 005 | 20260128115346.0 | ||
| 008 | 260128b1995 -uk||||fr|||| 00| 0 eng d | ||
| 040 |
_aEG-GiCUC _beng _cEG-GiCUC _dEG-GiCUC _erda |
||
| 082 | 0 | 4 |
_221 _a341.48 |
| 092 | 0 | 4 | _221 |
| 099 | _aLaw 11 1995 | ||
| 245 | 0 | 0 |
_aAcademic Freedom 3 : _beducation and Human Rights / _cedited by John Daniel...[et-al]. |
| 264 |
_aLondon : _bZed Books, _aWorld University Service, _c1995. |
||
| 300 |
_axii,244 pages ; _c24 cm |
||
| 336 |
_2rda content _atext |
||
| 337 |
_2rda media _aComputer |
||
| 338 |
_2rda carrier _aOnline Resource |
||
| 500 | _aIncludes index. | ||
| 650 | 1 | 0 | _aAcademic freedom |
| 650 | 1 | 0 | _aRight to education |
| 650 | 1 | 0 | _aInternational law |
| 700 | 1 |
_aDaniel, John, _eeditor. |
|
| 856 | 4 | 0 | _uhttps://fll.law.cu.edu.eg/fulltext/bks/ENGB11-00103.pdf |
| 905 | _a10 | ||
| 942 |
_2ddc _cBK _e21 _n0 |
||
| 999 |
_c59917 _d59917 |
||